Sports Quiz

Random Sports or Country Quiz

Little League WS Quiz Stats

 Plays Quiz not verified by Sporcle

Challenge
Share
Tweet
Embed
Score 0/69 Timer 06:00
0 Plays Today
Year State/Country % Correct
1967Japan
95.2%
1968Japan
95.2%
1976Japan
95.2%
1999Japan
95.1%
2001Japan
95.1%
2003Japan
95.1%
2010Japan
94.6%
2009Chula Vista, California
93.9%
2012Japan
93.9%
2013Japan
93.9%
2015Japan
93.9%
2011Huntington Beach, California
93.8%
1992Long Beach, California
93.5%
1993Long Beach, California
93.5%
1961El Cajon/La Mesa, California
93.4%
1962San Jose, California
93.4%
1963Grenada Hills, California
93.3%
1957Mexico
83.5%
1958Mexico
83.5%
1997Mexico
83.5%
1954Schenectady, New York
83.2%
1964Staten Island, New York
83.1%
1950Houston, Texas
83%
1966Houston, Texas
83%
2007Warner Robins, Georgia
82.9%
2006Columbus, Georgia
82.8%
1983Marietta, Georgia
82.7%
1969Chinese Taipei (Taiwan)
77.9%
1971Chinese Taipei (Taiwan)
77.9%
1972Chinese Taipei (Taiwan)
77.9%
1973Chinese Taipei (Taiwan)
77.9%
1974Chinese Taipei (Taiwan)
77.9%
1977Chinese Taipei (Taiwan)
77.9%
1978Chinese Taipei (Taiwan)
77.9%
1979Chinese Taipei (Taiwan)
77.9%
Year State/Country % Correct
1980Chinese Taipei (Taiwan)
77.9%
1981Chinese Taipei (Taiwan)
77.9%
1986Chinese Taipei (Taiwan)
77.9%
1987Chinese Taipei (Taiwan)
77.9%
1988Chinese Taipei (Taiwan)
77.9%
1990Chinese Taipei (Taiwan)
77.9%
1991Chinese Taipei (Taiwan)
77.9%
1995Chinese Taipei (Taiwan)
77.9%
1996Chinese Taipei (Taiwan)
77.9%
1947Williamsport, Pennsylvania
76.7%
1948Lock Haven, Pennsylvania
76.5%
1955Morrisville, Pennsylvania
76.4%
1960Levittown, Pennsylvania
76.2%
1982Kirkland, Washington
75.1%
2014South Korea
75%
2005Ewa Beach, Hawaii
74.4%
2008Waipahu, Hawaii
74%
1998Toms River, New Jersey
71.7%
1949Hammonton, New Jersey
71.5%
1970Wayne, New Jersey
71.4%
1975Lakewood, New Jersey
71.4%
1989Trumbull, Connecticut
60.9%
1965Windsor Locks, Connecticut
60.7%
1951Stamford, Connecticut
60.6%
1952Norwalk, Connecticut
60.6%
1959Hamtramck, Michigan
60.6%
2002Louisville, Kentucky
60.5%
1994Venezuela
55%
2000Venezuela
55%
1953Birmingham, Alabama
54.2%
1984South Korea
51.5%
1985South Korea
51.5%
1956Roswell, New Mexico
44.4%
2004Curacao
40.8%

You're not logged in!

Compare scores with friends on all Sporcle quizzes.
Join for Free
OR
Log In

You Might Also Like...

Show Comments

Extras

Top Quizzes Today


Score Distribution

Your Account Isn't Verified!

In order to create a playlist on Sporcle, you need to verify the email address you used during registration. Go to your Sporcle Settings to finish the process.

Report this User

Report this user for behavior that violates our Community Guidelines.

Details: